An account of the Pelew Islands : situated in the western part of the Pacific Ocean. Composed from the journals and communications of Captain Henry Wilson, and some of his officers, who, in August, 1783, were there shipwrecked, in the Antelope, a packet belonging to the Hon. East India Company. By George Keate, Esq. F.R.S. and S.A.

Bibliographic Details
Main Authors: Keate, George, 1729-1797, Wilson, Henry (Author)
Corporate Author: Gale (Firm)
Other Authors: Manning, William, 1767-1849 (Printer), Loring, James, 1770-1850 (Printer)
Format: eBook
Language:English
Subjects:
Online Access:Connect to the full text of this electronic book

MARC

Tag First Indicator Second Indicator Subfields
LEADER 00000cam a2200000 4500
001 in00003876513
005 20190415192319.0
006 m o d
007 cr |n||||||||n
008 820623s1796 xxu|||| o 00| | eng c
035 |a (CU-RivES)W10123 
035 |a (Uk-ES)006427393 
035 |a (OCoLC)510948169 
040 |a MWA  |c MWA  |d CU-RivES  |d CStRLIN  |d Cengage Gale  |d UtOrBLW 
050 4 |a Z1215  |b .K438 1796 
100 1 |a Keate, George,  |d 1729-1797.  |0 http://id.loc.gov/authorities/names/n83122634 
245 1 3 |a An account of the Pelew Islands :  |b situated in the western part of the Pacific Ocean. Composed from the journals and communications of Captain Henry Wilson, and some of his officers, who, in August, 1783, were there shipwrecked, in the Antelope, a packet belonging to the Hon. East India Company. By George Keate, Esq. F.R.S. and S.A. 
264 3 |a Boston :  |b Printed by Manning and Loring, for S. Hall, W. Spotswood, J. White, Thomas and Andrews, D. West, E. Larkin, W.P. Blake, and J. West,  |c 1796. 
300 |a 1 online resource (x, 9 unnumbered pages, 20-264 pages)  
336 |a text  |b txt  |2 rdacontent 
337 |a computer  |b c  |2 rdamedia 
338 |a online resource  |b cr  |2 rdacarrier 
509 |a Signatures: A-U⁶ W⁶ X⁶ 
510 4 |a Evans,  |c 30650 
510 4 |a English Short Title Catalog,  |c W10123. 
500 |a Reproduction of original from Boston Public Library. 
500 |a Electronic resource. 
610 2 0 |a Antelope (Packet)  |0 http://id.loc.gov/authorities/names/n82232826 
650 0 |a Shipwrecks.  |0 http://id.loc.gov/authorities/subjects/sh85121666 
651 0 |a Palau  |x Description and travel. 
655 7 |a Electronic books.  |2 local 
700 1 |a Wilson, Henry,  |e author.  |0 http://id.loc.gov/authorities/names/nb2010001470 
700 1 |a Wilson, Henry.  |0 http://id.loc.gov/authorities/names/nb2010001470 
700 1 |a Manning, William,  |d 1767-1849,  |e printer.  |0 http://id.loc.gov/authorities/names/n87837912 
700 1 |a Loring, James,  |d 1770-1850,  |e printer.  |0 http://id.loc.gov/authorities/names/n85024126 
700 1 |a Hall, Samuel,  |d 1740-1807,  |e bookseller.  |0 http://id.loc.gov/authorities/names/n88144136 
700 1 |a Spotswood, William,  |d 1753?-1805,  |e bookseller.  |0 http://id.loc.gov/authorities/names/n86084979 
700 1 |a White, James,  |d 1755?-1824,  |e bookseller.  |0 http://id.loc.gov/authorities/names/n86143978 
700 1 |a Thomas, Isaiah,  |d 1749-1831,  |e bookseller.  |0 http://id.loc.gov/authorities/names/n50010179 
700 1 |a Andrews, Ebenezer Turrell,  |d 1766-1851,  |e bookseller.  |0 http://id.loc.gov/authorities/names/n84024469 
700 1 |a West, David,  |d 1765-1810,  |e bookseller.  |0 http://id.loc.gov/authorities/names/n86143960 
700 1 |a Larkin, Ebenezer,  |d 1769?-1813,  |e bookseller.  |0 http://id.loc.gov/authorities/names/n85387482 
700 1 |a Blake, William Pynson,  |d 1769-1820,  |e bookseller.  |0 http://id.loc.gov/authorities/names/n85009069 
700 1 |a West, John,  |d 1770-1827,  |e bookseller.  |0 http://id.loc.gov/authorities/names/n86143961 
710 2 |a Gale (Firm)  |0 http://id.loc.gov/authorities/names/no2008071348 
752 |a United States  |b Massachusetts  |d Boston. 
856 4 0 |u http://proxy.library.tamu.edu/login?url=http://find.galegroup.com/ecco/infomark.do?contentSet=ECCOArticles&docType=ECCOArticles&bookId=1472203700&type=getFullCitation&tabID=T001&prodId=ECCO&docLevel=TEXT_GRAPHICS&version=1.0&source=library&userGroupName=txshracd2898  |z Connect to the full text of this electronic book  |t 0 
999 f f |s 328f5740-893d-3339-af9d-473308c156b1  |i 6da3d953-b158-31a6-8bd2-9dd4c7143dee  |t 0 
952 f f |a Texas A&M University  |b College Station  |c Electronic Resources  |d Available Online  |t 0  |e Z1215 .K438 1796  |h Library of Congress classification 
998 f f |a Z1215 .K438 1796  |t 0  |l Available Online